Correspondencia del Obispo de Guadalajara notificando la posición que tienen los religiosos de la provincia de San Francisco de Jalisco respecto a sujetarse a la dirección de este obispado para ser instruídos en las nuevas disposiciones para la administración de sacramentos.

Detalles Bibliográficos
Otros Autores: don Francisco Naiary
Formato: Libro
Publicado: Guadalajara, 1690
Materias:
Colección:Banco de datos
Acervo:Biblioteca Palafoxiana. Colección de Manuscritos
Descripción Física:2 f. ; 21 x 31 cm.
Tema general:Eclesiástica
LEADER 00629nam a22001450004500
035 |a 1851 
245 1 0 |a Correspondencia del Obispo de Guadalajara notificando la posición que tienen los religiosos de la provincia de San Francisco de Jalisco respecto a sujetarse a la dirección de este obispado para ser instruídos en las nuevas disposiciones para la administración de sacramentos. 
260 |a Guadalajara, 1690 
300 |a 2 f. ; 21 x 31 cm. 
650 1 0 |a Eclesiástica 
700 1 |a don Francisco Naiary 
949 |a 32390/048 
942 |c PALAMANU 
943 |g Biblioteca Palafoxiana. Colección de Manuscritos 
999 |c 1069796  |d 1069796